000 00602nam a22001937a 4500
005 20251108172940.0
008 250721s1994 xx 000 0 ara d
082 1 4 _a216.25/حما
100 1 _aحماد، نافذ حسين
245 1 0 _aتيسير الإطلاع على أخبار حجة الوداع /
264 1 _aالمنصورة :
_bدار الوفاء للنشر و التوزيع،
_c1994.
300 _a219ص
650 1 7 _aالحج
650 1 7 _aالعمرة
650 1 7 _aالفقه الإسلامي
650 1 7 _aالأحكام الشرعية
942 _2ddc
_cBK
999 _c92560
_d92560